Statistics for Countries Bordering Cameroon With Map

Click here to take the quiz!

General Stats

  • This quiz has been taken 139 times
  • The average score is 6 of 6

Answers on the Map

Answers color-coded by a green-red scale on the quiz's map according to % correct below.
 

Answer Stats

Countries% Correct
Nigeria
98%
Equatorial Guinea
97%
Gabon
97%
Republic of the Congo
97%
Chad
94%
Central African Republic
92%

Score Distribution

Percentile by Number Answered

Percent of People with Each Score

Your Score History

You have not taken this quiz